समुन्द्र विज्ञान : (Record no. 122041)

MARC details
000 -LEADER
fixed length control field 00928nam a22002417a 4500
010 ## - LIBRARY OF CONGRESS CONTROL NUMBER
LC control number B-187378
020 ## - INTERNATIONAL STANDARD BOOK NUMBER
International Standard Book Number 8181290852
Terms of availability 400.00
035 ## - SYSTEM CONTROL NUMBER
System control number B-187378
037 ## - SOURCE OF ACQUISITION
Stock number Cen Lib / Ret
040 ## - CATALOGING SOURCE
Original cataloging agency DPL
Language of cataloging HN
082 ## - DEWEY DECIMAL CLASSIFICATION NUMBER
Classification number 551.46
Item number अंजली
100 ## - MAIN ENTRY--PERSONAL NAME
Personal name अंजली
9 (RLIN) 134649
245 ## - TITLE STATEMENT
Title समुन्द्र विज्ञान :
Remainder of title हिन्दी /
Statement of responsibility, etc अंजली
246 ## - VARYING FORM OF TITLE
Title proper/short title Samundra vigyan : hindi /
Remainder of title by Anjali
260 ## - PUBLICATION, DISTRIBUTION, ETC. (IMPRINT)
Place of publication, distribution, etc नई दिल्ली
Name of publisher, distributor, etc नमन प्रकाशन
Date of publication, distribution, etc 2006
270 ## - ADDRESS
Address 4231/1, अंसारी रोड
City नई दिल्ली
Postal code 110002
300 ## - PHYSICAL DESCRIPTION
Extent 228p ;
Other physical details 24cm
650 ## - SUBJECT ADDED ENTRY--TOPICAL TERM
Topical term or geographic name as entry element Environmental sciences -- India.
9 (RLIN) 134650
650 ## - SUBJECT ADDED ENTRY--TOPICAL TERM
Topical term or geographic name as entry element पर्यावरण विज्ञान - भारत
9 (RLIN) 134651
650 ## - SUBJECT ADDED ENTRY--TOPICAL TERM
Topical term or geographic name as entry element Science
9 (RLIN) 10795
650 ## - SUBJECT ADDED ENTRY--TOPICAL TERM
Topical term or geographic name as entry element विज्ञान
9 (RLIN) 134652
942 ## - ADDED ENTRY ELEMENTS (KOHA)
Source of classification or shelving scheme Dewey Decimal Classification
Koha item type Hindi Books
Classification part 551.46
Call number suffix अंजली
Holdings
Withdrawn status Lost status Source of classification or shelving scheme Damaged status Not for loan Home library Current library Date acquired Source of acquisition Cost, normal purchase price Total Checkouts Full call number Barcode Date last seen Copy number Cost, replacement price Price effective from Koha item type
    Dewey Decimal Classification     Central Library Central Library 17/02/2016 Cen Lib/Ret 400.00   551.46 अंजली B-187378 17/02/2016 1 400.00 17/02/2016 Hindi Books

© Delhi Public Library
Hit Counter
free hit counter